000 00207nam a22000857a 4500
008 170203b xxu||||| |||| 00| 0 eng d
100 _92763
_aCBSR
245 _aPertect TOBA- IX
260 _aNew Delhi
_bArichal
_c2015
999 _c5955
_d5955